| 000 | 00398cam a2200157ua 4500 | ||
|---|---|---|---|
| 020 | _a0-435-76606-0 | ||
| 041 |
_aeng _h |
||
| 082 |
_a604.2 _bMAY/TE |
||
| 100 | _aMayock, F B . | ||
| 245 |
_aTechnical drawing / _cF B Mayock. _hTextual Documents |
||
| 250 |
_a1 / _b. |
||
| 260 |
_aLondon : _bEnglish Language Book Society , _c1971. |
||
| 300 | _a113 ; . | ||
| 942 | _cBK | ||
| 999 |
_c10266 _d10266 |
||